| 000 | 00600nam a2200193 a 4500 | ||
|---|---|---|---|
| 005 | 20140310183619.0 | ||
| 008 | 130326s19uu xx 00 eng d | ||
| 020 | _a9789715849234 | ||
| 050 |
_aRD 65 _b.V712 2010 |
||
| 100 | _aVillacarlos, Pamela Pagunsan | ||
| 245 |
_aOperating room nursing : _bperioperative practice / _cPamela Pagunsan-Villacarlos. |
||
| 260 |
_aQuezon City, Philipines : _bC & E Pub, _c2010. |
||
| 300 |
_a249 p. : _bill. ; _c22 cm. |
||
| 521 | _aNUR | ||
| 650 | _aOperating room nursing | ||
| 650 |
_aMedicine _xSurgery _xNursing |
||
| 942 |
_cBK _2lcc _kLOC |
||
| 999 |
_c25373 _d25373 |
||